Responses for Show #6209 - Thursday, September 22, 2011

Justin Sausville game 6.

Contestants

[<< previous game]

Brian Lehman, a communications manager from Washington, D.C.

Anne Kenney Chaplin, a housing court judge from Truro, Massachusetts

Justin Sausville, a urologist from Baltimore, Maryland (whose 5-day cash winnings total $117,201)

[next game >>]

Jeopardy! Round responses

THE WORLD TRADE CENTER & GROUND ZERO
HOW I SPENT MY SUMMER VACATION
WHOM DID SHE PORTRAY?
PAN & POT POURRI
FIRST NAME PHRASES
STRAIT AHEAD
    $200 16
Osama bin Laden

Brian
    $200 26
(Roger) Goodell

Anne
    $200 17
June Carter Cash

Justin
    $200 11
teflon

Anne
    $200 6
special ed.

Justin
    $200 1
Greenland

Justin
    $400 18
1,776

Brian
    $400 27
James Murdoch

Justin
    $1,000 19
Annie Sullivan

Brian
    $400 12
a double boiler

Anne
    $400 7
a plumb bob

Justin
    $400 2
(Anne: What is the English Channel?)
(Alex: Be more specific.)
(Anne: Uh...)
(Alex: There's another name that we need.)

the Strait of Dover

JustinAnne
    $600 21
a dove

Justin
    $600 28
South Sudan

Justin
    $600 20
Joan Crawford

Justin
    $600 13
a wok

Anne
    $600 8
"Don we now our gay apparel"

Justin
    $600 3
the Bosphorus

Justin
    $800 22
the Pritzker Prize

Triple Stumper
    $800 29
Eric Cantor

Brian
    $800 24
Mary Surratt

Justin
    $800 14
(Justin: What's a pasta strainer?)

a steamer

JustinAnne
    $800 9
robbing the cradle

Justin
    $800 4
Singapore

Justin
    $1000 23
1993

Justin
    $1000 30
Whitey Bulger

Justin
    $1000 25
Queen Isabella

Brian
    $1000 15
a skillet

Justin
    $1000 10
a twin bill

Triple Stumper
    $1000 5
the Strait of Mackinac

Triple Stumper

Scores at the first commercial break (after clue 15):

Justin Anne Brian
$4,200 $1,600 $0

Scores at the end of the Jeopardy! Round:

Justin Anne Brian
$9,400 $1,800 $3,400

Double Jeopardy! Round responses

WAR STORIES
SIGNS & SYMBOLS
CHEMISTS
MUSICAL STYLINGS
DO YOU LIKE RUSSIAN HISTORY?
"DA"
    $400 6
the Civil War

Anne
    $400 13
a hospital

Brian
    $400 11
(Robert) Bunsen

Justin
    $400 21
(Anne: What is scat?)
[Originally ruled incorrect; reversed before Final Jeopardy!]

jazz

AnneBrian
    $400 23
Siberia

Brian
    $400 1
Damascus

Anne
    $800 7
the Korean War

Brian
    $800 14
the Republican Party

Brian
    $800 12
glaucoma

Anne
    $800 22
Country

Justin
    $800 30
Catherine (the Great)

Brian
    $800 2
"Danke Schoen"

Brian
    $1200 8
World War I

Justin
    $1200 15
a flat

Anne
    $1200 18
(Justin: What is... cyanide?)

snake venom

Justin
Triple Stumper
    $1200 24
"Rapper's Delight"

Justin
    $1200 29
oligarchs

Justin
    $2,000 3
(Louis) Daguerre

Brian
    $2,400 9
the Boer War

Justin
    $1600 16
do not use bleach

Triple Stumper
    $1600 19
Linus Pauling

Justin
    $1600 27
(Justin: What is ska?)

reggae

JustinBrian
    $1600 26
Peter the Great

Brian
    $1600 4
Dadaism

Anne
    $2000 10
(Brian: What is the Sp--uh...)
(Alex: Say it!)
(Brian: The Spanish Revolution?)

the Spanish Civil War

JustinBrian
    $2000 17
a hexagram

Justin
    $2000 20
oxygen

Brian
    $2000 28
house

Justin
    $2000 25
Japan

Justin
    $2000 5
Damocles

Brian

Scores at the end of the Double Jeopardy! Round:

Justin Anne Brian
$23,400 $6,600 $15,000

[wagering suggestions for these scores]

Final Jeopardy! Round responses

PHILOSOPHY
AnneWhat is man
$6,599
BrianWhat is science?
$14,998
JustinWhat is man?
$6,601
superman

Final scores:

Justin Anne Brian
$16,799 $1 $2
6-day champion: $134,000 3rd place: $1,000 2nd place: $2,000

Game dynamics:

Coryat scores:

Justin Anne Brian
$22,600 $6,600 $13,600
28 R
(including 1 DD),
3 W
11 R,
1 W
17 R
(including 2 DDs),
1 W

Combined Coryat: $42,800

[game clues] [game scores] [suggest correction]

Game tape date: 2011-08-02
The J! Archive is created by fans, for fans. Scraping, republication, monetization, and malicious use prohibited; this site may use cookies and collect identifying information. See terms. The Jeopardy! game show and all elements thereof, including but not limited to copyright and trademark thereto, are the property of Jeopardy Productions, Inc. and are protected under law. This website is not affiliated with, sponsored by, or operated by Jeopardy Productions, Inc. Join the discussion at JBoard.tv.